000
00292nam a2200121 a 4500
008
100921s1974|||| d
245
1
0
_a
Zem v plameňoch
100
1
_a
Egri, Viktor
260
_b
Slovenský spisovateľ
_a
Bratislava
_c
1974
020
_c
16,80
044
_a
xo
_c
SK
041
_a
slo
999
_c
10545
_d
10545